Reflections on the caste question: the dalit situation in South India (Record no. 442494)

000 -LEADER
fixed length control field 00526cam a22001697a 4500
008 - FIXED-LENGTH DATA ELEMENTS--GENERAL INFORMATION
fixed length control field 180718b2009 xxu||||| |||| 00| 0 eng d
020 ## - INTERNATIONAL STANDARD BOOK NUMBER
International Standard Book Number 9788190061544
082 ## - DEWEY DECIMAL CLASSIFICATION NUMBER
Classification number BA27x545 J15r
100 ## - MAIN ENTRY--PERSONAL NAME
Personal name Jacob, T. G.
245 ## - TITLE STATEMENT
Title Reflections on the caste question: the dalit situation in South India
Statement of responsibility, etc. by T. G. Jacob and P. Bandhu
260 ## - PUBLICATION, DISTRIBUTION, ETC.
Place of publication, distribution, etc. Tamilnadu
Name of publisher, distributor, etc. Odyssey
Date of publication, distribution, etc. 2009
300 ## - PHYSICAL DESCRIPTION
Extent 296p.
650 ## - SUBJECT ADDED ENTRY--TOPICAL TERM
Topical term or geographic name entry element Ethnic conflict --India, South
650 ## - SUBJECT ADDED ENTRY--TOPICAL TERM
Topical term or geographic name entry element Caste --India, South
650 ## - SUBJECT ADDED ENTRY--TOPICAL TERM
Topical term or geographic name entry element Dalits --India, South
700 ## - ADDED ENTRY--PERSONAL NAME
Personal name Bandhu, P.
Holdings
Withdrawn status Lost status Damaged status Not for loan Permanent Location Current Location Date acquired Full call number Barcode Date last seen Price effective from Koha item type
        Indian Institute of Public Administration Indian Institute of Public Administration 2012-02-13 BA27x545 J15r 84592 2018-07-21 2018-07-21 Book

Powered by Koha